000 00383nam a2200145Ia 4500
008 230917s9999||||xx |||||||||||||| ||und||
040 _e126646
_aMAIN
041 _aEnglish
082 _a642.4 S63I
100 _aShiring, Stephen B
245 0 _aIntroduction to catering: Ingredients for success
260 _aNew Delhi
_bCengage Learning
_c2001
300 _a398 p.
942 _cBK
999 _c152387
_d152387